| 000 | 00951nam a2200229Ia 4500 | ||
|---|---|---|---|
| 999 |
_c50924 _d50924 |
||
| 001 | 17879 | ||
| 003 | GE_BSU | ||
| 005 | 20200227111210.0 | ||
| 008 | 181216s1958ge xx |||||||||||||| ||geo|| | ||
| 040 | _cGE_BSU | ||
| 041 | _ageo | ||
| 080 | _a821.353.1-32 შ-51 | ||
| 100 |
_aშერვაშიძე, ამირან. _97547 |
||
| 245 |
_aმახინჯაურელი ჭაბუკი / _cამირან შერვაშიძე ; რედ. ც.წუწუნავა. |
||
| 264 |
_aბათუმი : _b[აჭარის ასსრ] სახელგამი, _c1958. |
||
| 300 |
_a70გვ. ; _c21 სმ. |
||
| 653 | _aმახინჯაურელი ჭაბუკი | ||
| 653 | _aმოთხრობები | ||
| 653 | _aმტრები ევა ნიველინგერი | ||
| 700 |
_aწუწუნავა, ც _eრედაქტორი _94326 |
||
| 942 |
_cBK _2udc |
||